000 00624nam a2200193 i 4500
001 35660
003 ES-MaACL
005 20230906155159.0
007 t|
008 030213s1961 sp ||||1| spa d
080 _a616.12-008.331
100 1 _aBox María-Cospedal, Antonio.
_931161
245 1 0 _aTensión arterial :
_bnormas para su mantenimiento en estado normal : lo que debe saber el hipertenso y el hipotenso /
_cpor el Dr. Antonio Box.
260 _aMadrid :
_bReus,
_c[1961]
300 _a172 p. ;
_c17 cm.
650 4 _aPresión sanguinea.
_9150253
852 4 _aES-MaACL
_jC-23435
852 4 _aES-MaACL
_jC-28364
999 _c35660
_d35660